| 000 | 00739nam a2200193 i 4500 | ||
|---|---|---|---|
| 001 | 34501 | ||
| 003 | ES-MaACL | ||
| 005 | 20230906154938.0 | ||
| 007 | t| | ||
| 008 | 030207s1901 sp ||||1| spa d | ||
| 100 | 1 |
_aBohmerle, Emil. _929832 |
|
| 245 | 1 | 0 |
_aTablas para el cálculo del volumen de las carboneras verticales de su cantidad de carbono aprobechable y del volumen real de las maderas apiladas / _cEmil Bohmerle ; traducción de Felipe Monteverde. |
| 260 |
_aMadrid : _bR. Rojas, _c1901. |
||
| 300 |
_a75 p., [2] h. pleg. ; _c22 cm. |
||
| 650 | 4 |
_aCarbón vegetal. _9148087 |
|
| 700 | 1 |
_aMonteverde, Felipe. _982618 |
|
| 852 |
_aES-MaACL _jT-1006-F-14 _z.- 16 p. |
||
| 852 |
_aES-MaACL _jG-9537(5) _z.- p. [16]-75, [2] h. pleg. |
||
| 999 |
_c34501 _d34501 |
||